Statystyki dla Andrzej Duda czy Rafał Trzaskowski?

Kliknij tutaj aby rozwiązać quiz!

Ogólne statystyki

  • Ten quiz został rozwiązany 100 razy
  • Średni wynik to 7 z 12

Statystyki odpowiedzi

ZagadnienieOdpowiedź% Poprawnych
Jest/ był Prezydentem MIASTA.Rafał Trzaskowski
95%
Ma dwójkę dzieci.Rafał Trzaskowski
94%
Urodził się w Krakowie.Andrzej Duda
83%
Był Ministrem administracji i cyfryzacjiRafał Trzaskowski
81%
Ukończył studia prawniczeAndrzej Duda
71%
uzyskał więcej Orderów i odznaczenia państw obcychAndrzej Duda
68%
Ma drugie imięobaj
63%
Był posłem.obaj
55%
W drugiej turze głosowania z 12 lipca 2020 otrzymał ponad 10 mln głosów.obaj
49%
Ma 48 lat.obaj
35%
Był europosłem.obaj
18%
We wszystkich wyborach jakich brał udział uzyskał więcej niż 25 tyś. głosów.Rafał Trzaskowski
15%

Rozkład punktacji

Percentyl według liczby udzielonych odpowiedzi

Procent ludzi z każdym wynikiem

Twoja historia wyników

Nie rozwiązałeś tego quizu